| 000 | 00771pam a2200265 a 4500 | ||
|---|---|---|---|
| 999 |
_c9322 _d9322 |
||
| 001 | 9322 | ||
| 003 | BD-JhCC | ||
| 005 | 20180312195719.0 | ||
| 008 | 880413s1989 nyua b 001 0 eng | ||
| 020 | _a039395787X | ||
| 035 | _a(BD-JhCC)9322 | ||
| 040 |
_aDLC _cDLC _dDLC _dBD-JhCC |
||
| 041 | _aeng | ||
| 050 | 0 | 0 |
_aJK274 _b.L23 1989 |
| 082 | 0 | 0 |
_a320.973 _219 _bLAD 1989 |
| 100 | 1 | _aLadd, Everett Carll. | |
| 245 | 1 | 4 |
_aThe American polity : _bthe people and their government / _cEverett Carll Ladd. |
| 250 | _a3rd ed. | ||
| 260 |
_aNew York : _bW.W. Norton, _cc1989. |
||
| 300 |
_axxvi, 714, [70] p. : _bill. ; _c24 cm. |
||
| 504 | _aIncludes bibliographical references. | ||
| 651 | 0 |
_aUnited States _xPolitics and government. |
|
| 942 |
_2ddc _cBK |
||